Open Economies delivering to people APEC's decade of progress
Đã lưu trong:
| 格式: | 图书 |
|---|---|
| 语言: | Undetermined |
| 出版: |
Singapore
APEC
2000
|
| 主题: | |
| 标签: |
添加标签
没有标签, 成为第一个标记此记录!
|
| Thư viện lưu trữ: | Trung tâm Học liệu Trường Đại học Cần Thơ |
|---|
| LEADER | 00451nam a2200157Ia 4500 | ||
|---|---|---|---|
| 001 | CTU_50433 | ||
| 008 | 210402s9999 xx 000 0 und d | ||
| 082 | |a 339 | ||
| 082 | |b O.61 | ||
| 245 | 0 | |a Open Economies delivering to people | |
| 245 | 0 | |b APEC's decade of progress | |
| 260 | |a Singapore | ||
| 260 | |b APEC | ||
| 260 | |c 2000 | ||
| 650 | |a international economic relations,macroeconomics | ||
| 980 | |a Trung tâm Học liệu Trường Đại học Cần Thơ | ||